000 00344nam a22001217a 4500
005 20250812163449.0
082 _aH 82-4214.21
_bMIS
100 _aMISHRA (adithya kumar)
245 _aNibandh, pathra-lekhan kahani-lekhan, anuched lekhan thadha apadhith padyamsh - Hindi
260 _aDelhi
_bChoice International
300 _a432p.
942 _cBK
999 _c75038
_d75038